|
|
|
|
| LEADER |
00000cam a2200000 7i4500 |
| 001 |
0000000582 |
| 005 |
20000909.0 |
| 020 |
0 |
0 |
|a 9676108111
|
| 090 |
0 |
0 |
|a 303.69
|b ABD 1998
|
| 100 |
0 |
0 |
|a ABDULLAH Hassan
|c 1942-
|
| 245 |
1 |
0 |
|a Berkonflik dan berunding
|c Abdullah Hassan, Ainon Mohd.
|
| 260 |
0 |
0 |
|a Kuala Lumpur :
|b Utusan Pub.& Dist. ,
|c 1998
|
| 300 |
|
|
|a 230 p. ;
|c 22 cm.
|
| 440 |
0 |
0 |
|a Siri komunikasi Utusan
|
| 500 |
0 |
0 |
|a Bibliography [p. 229-230]
|
| 650 |
0 |
0 |
|a Conflict management
|
| 650 |
0 |
0 |
|a Negotiation
|
| 700 |
0 |
1 |
|a Ainon Muhammad ,
|c 1950-
|
| 999 |
|
|
|a 0000000954
|b Monograph
|c Open Shelf
|e Default branch
|